| 000 | 00841nam a2200253 a 4500 | ||
|---|---|---|---|
| 003 | OSt | ||
| 005 | 20240213160404.0 | ||
| 008 | |||
| 020 | _a0602318741516 (hardback) | ||
| 040 |
_aNUST _cNUST _beng _dNUST _erda |
||
| 050 | _aCT310 CRO | ||
| 100 | 1 |
_aCross, Eddie. _eAuthor |
|
| 245 | 2 |
_aA life of sacrifice : _bEmmerson Dambudzo Mnangagwa / _cEddie Cross. |
|
| 260 |
_a[Place of Publication not Known]: _bJerach Medi . _c©2021 |
||
| 300 |
_a153 pages : _bIllustrations; _c34 cm. |
||
| 336 |
_atext _btxt _2rdacontent |
||
| 337 |
_aunmediated _bn _2rdamedia |
||
| 338 |
_avolume _bnc _2rdacarrier |
||
| 650 |
_aZimbabwe _xHistory |
||
| 650 |
_aZimbabwe _z Politicts and governments. |
||
| 650 |
_aPresidents _zZimbabwe Biography |
||
| 650 | _aBiography | ||
| 942 |
_cBOOKS _kCT _mCRO _2lcc _hCT310 _n0 |
||
| 999 |
_c96694 _d96694 |
||